000
00334nam a2200133 a 4500
005
20140414132053.0
008
110714s19uu xx 00 eng d
050
_a
FIC
_b
P41 2006
100
_a
Perry, Chrissie
245
_a
The secret club.
260
_a
US :
_b
Feiwel @ Friends,
_c
2006.
440
_a
Fairy Blossoms
999
_c
114218
_d
114218